Statistics for MCU Characters Quiz

Click here to take the quiz!

General Stats

  • This quiz has been taken 50 times
  • The average score is 55 of 68

Answer Stats

HintName% Correct
Former petty criminal that can shrink or grow in sizeAnt-Man / Scott Lang
100%
Creator of the Pym ParticleHank Pym
100%
You won't like him when he's angryHulk / Bruce Banner
100%
Avenger and highly trained Russian spyBlack Widow / Natasha Romanoff
98%
Avenger and super soldier that fought during WWIICaptain America / Steve Rogers
98%
Former Air Force pilot, gained cosmic force powers from TesseractCaptain Marvel / Carol Danvers
98%
Warrior seeking vengeance for death of his family, is a Guardian of the GalaxyDrax
98%
Daughter of Thanos, member of Guardians of the GalaxyGamora
98%
Tree-like humanoid, member of Guardians of the GalaxyGroot
98%
Skilled with a bow and arrowHawkeye / Clint Barton
98%
Avenger and billionaire playboy philanthropistIron Man / Tony Stark
98%
Asgardian Prince, God of MischiefLoki
98%
Director of SHIELD, responsible for formation of the AvengersNick Fury
98%
High school teenager with spider-like powersSpider-Man / Peter Parker
98%
Highly skilled warrior and protector of WakandaBlack Panther / T'Challa
95%
Powerful Sorceror and former NeurosurgeonDoctor Strange / Stephen Strange
95%
Avenger that uses a winged jetpackFalcon / Sam Wilson
95%
Thanos's less favored daughterNebula
95%
Ruler of AsgardOdin
95%
Enhanced trash panda and Guardian of the GalaxyRocket
95%
Half human, half alien leader of the Guardians of the GalaxyStar-Lord / Peter Quill
95%
Titan on a quest to collect all six infinity stonesThanos
95%
An enhanced assassin, brainwashed by HYDRAThe Winter Soldier / Bucky Barnes
95%
Avenger from Asgard, God of ThunderThor
95%
Avenger, is a humanoid androidVision
95%
Empathic powers, member of Guardians of the GalaxyMantis
93%
Assistant and romantic interest of Tony StarkPepper Potts
93%
Avenger and Colonel in the US Air ForceWar Machine / Iron Patriot / James Rhodes
93%
Gained superhuman speed after being experimented on with the Mind StoneQuicksilver / Pietro Maximoff
90%
Obtained hypnotic and telekenetic powers through the Mind StoneScarlet Witch / Wanda Maximoff
88%
Bodyguard and Head of Security for Stark IndustriesHappy Hogan
86%
High ranking British war officer and founding member of SHIELDPeggy Carter
86%
Wakandan scientist, sister to the KingShuri
86%
Last surviving member of Asgardian female warriorsValkyrie
86%
Protector of the Bifrost from AsgardHeimdall
83%
Evil daughter of OdinHela
83%
Astrophysicist, awakens the Aether / Reality StoneJane Foster
83%
SHIELD agent that collected Captain America cardsPhil Coulson
83%
Daughter of Hank PymWasp / Hope van Dyne
83%
Love interest of Spider-ManMJ / Michelle
81%
Sorceror and librarian within Sanctum SanctorumWong
81%
He's made out of rocksKorg
79%
Head of HYDRA during WWIIRed Skull / Johann Schmidt
79%
Creator of Stark Industries and founing member of SHIELDHoward Stark
76%
Cousin of Wakandan King that gains brief power over WakandaKillmonger / Erik Stevens
76%
Wakandan warrior and general of the Dora MilajeOkoye
76%
AI with a peacekeeping mission- attempts to pacify the Earth by destroying humanityUltron
76%
Collects everything imaginable, operates from KnowhereThe Collector
74%
Astrophysicist possessed by LokiErik Selvig
71%
Average teenage best friend of Spider-ManNed Leeds
71%
SHIELD agent tasked with protecting Steve Rogers, lives as a nurse next doorSharon Carter
71%
Abducts but raises Peter QuillYondu Udonta
71%
Leading female warrior of AsgardLady Sif
69%
Second personal AI of Tony StarkFRIDAY
67%
King of the Frost GiantsLaufey
67%
Secretary of State in the USA, proposes the Sokovia AccordsThaddeus Ross
67%
Sorcerer supremeThe Ancient One
67%
Scientist and wife of Hank PymJanet van Dyne
62%
Business rival of Stark IndustriesJustin Hammer
60%
Sought control of the Arc reactor, attempted to kill Tony StarkObidiah Stane
57%
Corrupt SHIELD agent that causes many deaths during an Avengers mission in LagosCrossbones / Brock Rumlow
55%
Radical Kree WarlordRonan the Accuser
55%
South African smuggler that steals Vibranium from WakandaUlysses Klaue
52%
Ex-Sokovian commando seeking revenge for death of his familyHelmut Zemo
50%
Member of the Warriors ThreeFandral
43%
Scientist once brushed off by Stark, exacts revenge through human experimentationAldrich Killian
38%
Member of the Warriors ThreeVolstagg
38%
Member of the Warriors ThreeHogan
36%

Score Distribution

Percentile by Number Answered

Percent of People with Each Score

Your Score History

You have not taken this quiz